Stratégia uvedenia nového produktu na trh diplomová práca

Gespeichert in:
Bibliographische Detailangaben
1. Verfasser: Sopková, Barbora
Körperschaft: Obchodná fakulta EU. Katedra tovaroznalectva a kvality tovaru
Weitere Verfasser: Knošková, Ľubica, 1965-
Format: Buch
Sprache:Slowakisch
Veröffentlicht: Bratislava 2014
Tags: Tag hinzufügen
Keine Tags, Fügen Sie das erste Tag hinzu!

MARC

LEADER 00000nbm a2200000 4500
001 0186012
005 20170201094402.0
041 0 |a slo 
044 |a SK 
245 1 0 |a Stratégia uvedenia nového produktu na trh  |b diplomová práca  |c Barbora Sopková ; školiteľ: Ľubica Knošková 
264 1 |a Bratislava  |c 2014 
300 |a 98 s. 
100 1 |a Sopková, Barbora 
700 1 |a Knošková, Ľubica, 1965- 
710 2 |a Obchodná fakulta EU. Katedra tovaroznalectva a kvality tovaru